000 01755nam0a2200325 4500
001 RU\NLR\BIBL_A\022547471
005 20260420044753.0
010 _a978-5-9216-0496-4
_9100
021 _aRU
_bКН-П-25-018066
_9КН-П-25-1832
035 _a(NLR Aleph) 022547471
090 _a13673030
_c13673030
100 _a20250522d2024 u y0rusy50 ca
101 0 _arus
102 _aRU
105 _aah||z|||000yy
181 0 _ai3
_baxxe
182 0 _an
200 1 _aПрименение методов математического моделирования в доклинических исследованиях с целью прогнозирования эффективности клинического применения лекарственных средств
_eметодические рекомендации
_fО. В. Шредер, Е. Д. Мокрова
203 _aТекст
_bвизуальный
_cнепосредственный
210 _aМосква
_cФилинъ
_d2024
215 _a82, [1] с.
_cфакс., табл.
_d21
300 _aВ конце кн. авт.: Шредер О. В., канд. биол. наук, Мокрова Е. Д., канд. биол. наук
606 1 _aФармацевтические препараты
_jМетодические пособия
_xЭффективность
_xПрогноз
_xМатематическое моделирование
_92672861
_3RU\NLR\AUTH\6601758380
686 1 _aР281.2в641.0я8
700 1 _aШредер
_bО. В.
_gОльга Васильевна
701 1 _aМокрова
_bЕ. Д.
_gЕкатерина Дмитриевна
942 _cBOOK
980 _aNB